Obrázkový pracovný zošit pre 2. ročník všeobecných škôl

Bibliographic Details
Main Author: Némethová, Miloslava (Author)
Other Authors: Haui, József, 1952- (Illustrator)
Format: Book
Language:Slovak
PhysicalDescription:74 s. ilustr. 29 cm
Published: Budapešť Nemzeti Tankönyvkiadó 2005
ISBN:9631919110
Edition:2. kiad.
Subjects:

MARC

LEADER 00000nam a2200000 a 4500
001 vtls008624244
003 SK-MaSNL
005 20260301053323.0
008 240314s2005 hu a b 000 0 slo
015 |a SNBZSA2006-00505 
020 |a 9631919110  |q (brož.) 
035 |a 6D2C39D5-48A6-4E58-AB6D-EF5C2597875B 
035 |a urn:nbn:sk:snk-amlsgs 
035 |a urn:nbn:sk:snk-am00c9fe 
040 |a SNK  |b slo  |c SNK  |e AACR2 
041 0 |a slo 
043 |a e-hu---  |a e-xo--- 
044 |a hu  |c HU 
072 7 |a 37.016  |x Učebné osnovy. Vyučovacie predmety. Učebnice  |2 konspekt 
080 |a 37.016:811.162.4  |x (075.2)  |x (076.5)  |2 2001 
100 1 |a Némethová, Miloslava  |4 aut  |9 282553 
245 1 0 |a Obrázkový pracovný zošit pre 2. ročník všeobecných škôl  |c Miloslava Némethová ; [grafika: József Haui 
250 |a 2. kiad. 
260 |a Budapešť  |b Nemzeti Tankönyvkiadó  |c 2005 
300 |a 74 s.  |b ilustr.  |c 29 cm 
500 |a Ilustr. na obál. 
500 |a Názov na zadnej obál v maď.: Képes gyakorló munkafüzet 2. osztály 
650 0 7 |a slovenčina  |2 SNKPH  |9 1350 
655 7 |a učebnice základných škôl  |2 SNKPH  |9 70187 
655 7 |a pracovné zošity  |2 SNKPH  |9 70188 
700 1 |a Haui, József,  |d 1952-  |4 ill  |9 178576 
919 |a 963-19-1911-0 
958 |a ZS 
958 |a HU 
958 |a UX 
999 |c 608039  |d 609969 
952 |a SNK  |b SNK  |y PREZ  |7 0  |p 17A0499912  |o snkSB 71359  |i snk2006/4868  |8 2  |g 2.09  |0 0  |1 0  |4 0  |d 2006-02-20  |f 1  |l 0  |r 2025-04-23 00:00:00  |w 2026-02-23